[Event "13. Olimpiada por Equipos de Ajedrecist"]
[Site "Heraklio GRE"]
[Date "2008.10.25"]
[Round "6.3"]
[White "Wassin, Sergej"]
[Black "Vlach, Karel"]
[Result "1-0"]
[WhiteElo "2325"]
[BlackElo "1400"]
[PlyCount "77"]
[EventDate "2008.10.18"]
[EventType "team-"]
[EventRounds "9"]
[EventCountry "GRE"]
[Source "lmi"]
[SourceDate "2008.10.19"]

1. d4 Nf6 2. c4 d6 3. Nf3 g6 4. g3 Bg7 5. Bg2 O-O 6. O-O Nbd7 7. Nc3 e5 8. e4
exd4 9. Nxd4 Ne5 10. b3 Bd7 11. Bb2 Re8 12. Re1 h6 13. f4 Nc6 14. Nd5 Nxd5 15.
cxd5 Bg4 16. Qd2 Nxd4 17. Bxd4 Qd7 18. Rac1 Re7 19. Bxg7 Kxg7 20. f5 Rae8 21.
h3 Bxf5 22. exf5 Qxf5 23. Rxe7 Rxe7 24. Re1 Re5 25. Qc3 Qf6 26. Rxe5 Qxe5 27.
Qxe5+ dxe5 28. b4 Kf6 29. Kf2 Ke7 30. d6+ Kxd6 31. Bxb7 a5 32. bxa5 Kc5 33. g4
f5 34. g5 e4 35. Ke3 Kb5 36. a6 Kb6 37. Bd5 Kxa6 38. Bg8 c5 39. Bh7 1-0

[Event "13. Olimpiada por Equipos de Ajedrecist"]
[Site "Heraklio GRE"]
[Date "2008.10.25"]
[Round "6.4"]
[White "Nistor, Mihai"]
[Black "Clemente, Llamero Roberto"]
[Result "0-1"]
[WhiteElo "1954"]
[BlackElo "2118"]
[PlyCount "58"]
[EventDate "2008.10.18"]
[EventType "team-"]
[EventRounds "9"]
[EventCountry "GRE"]
[Source "lmi"]
[SourceDate "2008.10.19"]

1. d4 d5 2. Nf3 c6 3. g3 Nf6 4. Bg2 g6 5. O-O Bg7 6. c4 O-O 7. Nc3 e6 8. Ne5
Nbd7 9. Nxd7 Nxd7 10. cxd5 cxd5 11. Bf4 Qb6 12. e3 Qxb2 13. Qd3 Qa3 14. Rab1 a6
15. Rb3 Qe7 16. e4 dxe4 17. Bxe4 e5 18. Nd5 Qd8 19. dxe5 Nc5 20. Qe3 Nxe4 21.
Qxe4 Be6 22. Rd1 Qa5 23. Rxb7 Qxa2 24. Nc7 Bf5 25. Qf3 Rad8 26. Rd6 Rxd6 27.
exd6 Qc2 28. g4 Be4 29. Qb3 Qe2 0-1

[Event "13. Olimpiada por Equipos de Ajedrecist"]
[Site "Heraklio GRE"]
[Date "2008.10.25"]
[Round "6.4"]
[White "Vela Ignacio, Jose Manuel"]
[Black "Irimia, Mihai"]
[Result "1-0"]
[WhiteElo "2103"]
[BlackElo "1998"]
[PlyCount "80"]
[EventDate "2008.10.18"]
[EventType "team-"]
[EventRounds "9"]
[EventCountry "GRE"]
[Source "lmi"]
[SourceDate "2008.10.19"]

1. e4 c6 2. d4 d5 3. e5 e6 4. Bd3 c5 5. c3 Nc6 6. Nf3 cxd4 7. cxd4 Nb4 8. Be2
Bd7 9. Nc3 a6 10. O-O Rb8 11. b3 h6 12. Qd2 Nc6 13. Bb2 Nge7 14. Bd3 g6 15. Na4
Nf5 16. Rac1 Bb4 17. Qd1 Be7 18. Nc5 O-O 19. Bb1 a5 20. Qd2 Kh7 21. Rfd1 Nh4
22. Nxh4 Bxh4 23. Rc3 Bc8 24. Rh3 Bg5 25. f4 Be7 26. Bc1 b6 27. f5 Bg5 28. Qxg5
Qxg5 29. Bxg5 h5 30. fxg6+ fxg6 31. Na4 Kg7 32. Bf6+ Rxf6 33. exf6+ Kxf6 34.
Rf1+ Kg7 35. Rg3 Ne7 36. Rc3 Ba6 37. Rfc1 Kf6 38. Rf3+ Nf5 39. Rc6 Be2 40. Rf2
b5 1-0

[Event "13. Olimpiada por Equipos de Ajedrecist"]
[Site "Heraklio GRE"]
[Date "2008.10.25"]
[Round "6.5"]
[White "Markov, Ziva"]
[Black "Alimkhanov, Abdurashid"]
[Result "1-0"]
[WhiteElo "2205"]
[BlackElo "1400"]
[PlyCount "53"]
[EventDate "2008.10.18"]
[EventType "team-"]
[EventRounds "9"]
[EventCountry "GRE"]
[Source "lmi"]
[SourceDate "2008.10.19"]

1. e4 c5 2. Nf3 Nc6 3. d4 cxd4 4. Nxd4 Nf6 5. Nc3 Qb6 6. Nb3 e6 7. Be3 Qc7 8.
f4 d6 9. Qf3 Be7 10. g4 a6 11. a3 b5 12. g5 Nd7 13. Bd3 b4 14. Ne2 bxa3 15.
bxa3 Na5 16. Nd2 e5 17. f5 Nb6 18. c4 Nbxc4 19. Rc1 Nxd2 20. Bxd2 Qb6 21. Be3
Qb3 22. Rc3 Qa4 23. O-O O-O 24. f6 Rd8 25. Qh5 Be6 26. fxg7 Re8 27. Qh6 1-0

[Event "13. Olimpiada por Equipos de Ajedrecist"]
[Site "Heraklio GRE"]
[Date "2008.10.25"]
[Round "6.6"]
[White "Berggren, Marcus"]
[Black "Otero, Harlen"]
[Result "1-0"]
[WhiteElo "1875"]
[BlackElo "1400"]
[PlyCount "83"]
[EventDate "2008.10.18"]
[EventType "team-"]
[EventRounds "9"]
[EventCountry "GRE"]
[Source "lmi"]
[SourceDate "2008.10.19"]

1. c4 e6 2. g3 Nf6 3. Bg2 d5 4. Nf3 Be7 5. O-O O-O 6. b3 c5 7. Bb2 Nc6 8. e3 d4
9. exd4 cxd4 10. Re1 Ne8 11. d3 f6 12. a3 a5 13. Qe2 e5 14. Nfd2 Nd6 15. Ne4
Nf7 16. g4 Nh8 17. Ng3 Ng6 18. Bc1 Re8 19. Bd5+ Kh8 20. Nf5 Bc5 21. Qf3 Be6 22.
Bxe6 Rxe6 23. Nd2 Nge7 24. Ne4 b6 25. h4 g6 26. Nfg3 Kg7 27. h5 Ng8 28. hxg6
hxg6 29. Kg2 Ra7 30. Rh1 Rf7 31. Bd2 Qd7 32. Rh2 Nd8 33. Rah1 Be7 34. Rh7+ Kf8
35. Rh8 g5 36. Nf5 Bxa3 37. Nh6 Rg7 38. Nxg5 Rc6 39. Nh7+ Rxh7 40. Rxg8+ Ke7
41. Nf5+ Ke6 42. Rxh7 1-0

[Event "13. Olimpiada por Equipos de Ajedrecist"]
[Site "Heraklio GRE"]
[Date "2008.10.25"]
[Round "6.6"]
[White "Medina, Edgardo"]
[Black "Berggren, Patrik"]
[Result "0-1"]
[WhiteElo "1869"]
[BlackElo "1925"]
[PlyCount "56"]
[EventDate "2008.10.18"]
[EventType "team-"]
[EventRounds "9"]
[EventCountry "GRE"]
[Source "lmi"]
[SourceDate "2008.10.19"]

1. e4 c5 2. Nf3 d6 3. d4 cxd4 4. Nxd4 Nf6 5. Nc3 g6 6. Be3 Bg7 7. f3 Nc6 8. Bc4
Bd7 9. Qd2 Rc8 10. Bb3 h5 11. O-O-O Na5 12. g3 h4 13. f4 Nxb3+ 14. axb3 Qa5 15.
Kb1 Rh5 16. Nd5 Qb6 17. Nxf6+ Bxf6 18. Qd3 Qa5 19. Bd2 Qc7 20. Rhe1 Bxd4 21.
Qxd4 Qxc2+ 22. Ka1 Rc6 23. Bb4 Qxb3 24. Re3 Ra6+ 25. Ba3 Qb5 26. Qg7 Be6 27.
Rc1 Rc5 28. Rxc5 Qf1+ 0-1

[Event "13. Olimpiada por Equipos de Ajedrecist"]
[Site "Heraklio GRE"]
[Date "2008.10.25"]
[Round "6.6"]
[White "Pulvett, Daniel"]
[Black "Magnusson, Jorgen"]
[Result "0-1"]
[WhiteElo "2207"]
[BlackElo "2299"]
[PlyCount "86"]
[EventDate "2008.10.18"]
[EventType "team-"]
[EventRounds "9"]
[EventCountry "GRE"]
[Source "lmi"]
[SourceDate "2008.10.19"]

1. e4 d6 2. d4 g6 3. Nc3 Nf6 4. Be2 Bg7 5. h4 c5 6. d5 h5 7. f3 a6 8. a4 Nbd7
9. Nh3 Qc7 10. Nf2 Ne5 11. Bg5 b6 12. Qd2 Bb7 13. O-O Nh7 14. Be3 Bf6 15. g3
Rf8 16. f4 Nd7 17. Bc4 Bg7 18. Rfe1 Nhf6 19. Kg2 Rh8 20. Qe2 Ng8 21. Rad1 Nh6
22. Bd2 Kf8 23. Nd3 Ng4 24. e5 dxe5 25. Kg1 Re8 26. Rf1 e4 27. Nxe4 b5 28. axb5
axb5 29. Bxb5 c4 30. Nb4 Qb6+ 31. Kg2 Qxb5 32. f5 Ndf6 33. fxg6 fxg6 34. Bc3
Kg8 35. Ng5 e5 36. Qf3 Rf8 37. Ne6 Rf7 38. Ng5 Rd7 39. Ra1 Rxd5 40. Kh3 Qd7 41.
Nxd5 Ne3+ 42. Kh2 Nxf1+ 43. Qxf1 Ng4+ 0-1

[Event "13. Olimpiada por Equipos de Ajedrecist"]
[Site "Heraklio GRE"]
[Date "2008.10.25"]
[Round "6.7"]
[White "Marendic, Vlatko"]
[Black "Bagyatkar, Madan"]
[Result "1-0"]
[WhiteElo "2089"]
[BlackElo "1910"]
[PlyCount "45"]
[EventDate "2008.10.18"]
[EventType "team-"]
[EventRounds "9"]
[EventCountry "GRE"]
[Source "lmi"]
[SourceDate "2008.10.19"]

1. d4 Nf6 2. Nf3 b6 3. g3 Bb7 4. Bg2 e6 5. O-O Be7 6. c4 d5 7. Ne5 c6 8. Nc3
Nbd7 9. f4 h5 10. e4 dxe4 11. Nxe4 Nxe4 12. Bxe4 Rc8 13. Be3 Nf6 14. Bf3 h4 15.
gxh4 Nd7 16. Qc2 Nxe5 17. dxe5 Qc7 18. c5 g5 19. b4 gxf4 20. Bxf4 bxc5 21. bxc5
Qa5 22. Be3 Ba6 23. Rfc1 1-0

[Event "13. Olimpiada por Equipos de Ajedrecist"]
[Site "Heraklio GRE"]
[Date "2008.10.25"]
[Round "6.7"]
[White "Zaja, Stjepan"]
[Black "Udupa, Krishna"]
[Result "0-1"]
[WhiteElo "1815"]
[BlackElo "2024"]
[PlyCount "58"]
[EventDate "2008.10.18"]
[EventType "team-"]
[EventRounds "9"]
[EventCountry "GRE"]
[Source "lmi"]
[SourceDate "2008.10.19"]

1. d4 Nf6 2. Nf3 b6 3. c4 Bb7 4. e3 e6 5. Nc3 Bb4 6. a3 Bxc3+ 7. bxc3 Ne4 8.
Qc2 f5 9. Be2 O-O 10. O-O d6 11. a4 Ng5 12. Ba3 Nd7 13. Rfd1 Be4 14. Qd2 Qf6
15. d5 Bxf3 16. Bxf3 Ne5 17. Be2 Qg6 18. Kh1 Ne4 19. Qe1 Ng4 20. Bxg4 fxg4 21.
Ra2 Rf6 22. Rc1 Raf8 23. Rcc2 h5 24. Qd2 h4 25. g3 hxg3 26. hxg3 Rf3 27. Qd3
Qf5 28. Ra1 Rxf2 29. Rcc1 Qf3+ 0-1

[Event "13. Olimpiada por Equipos de Ajedrecist"]
[Site "Heraklio GRE"]
[Date "2008.10.25"]
[Round "6.8"]
[White "Muri, Emil"]
[Black "Trkaljanov, Vladimir"]
[Result "1/2-1/2"]
[WhiteElo "2013"]
[BlackElo "2239"]
[PlyCount "62"]
[EventDate "2008.10.18"]
[EventType "team-"]
[EventRounds "9"]
[EventCountry "GRE"]
[Source "lmi"]
[SourceDate "2008.10.19"]

1. e4 e5 2. Nf3 Nc6 3. Bb5 a6 4. Ba4 d6 5. Bxc6+ bxc6 6. d4 exd4 7. Qxd4 c5 8.
Qd3 g6 9. O-O Bg7 10. e5 Bf5 11. Qe2 d5 12. Nc3 Ne7 13. Na4 c4 14. Nd4 c5 15.
Nxc5 Qc7 16. Na4 O-O 17. Re1 Rfe8 18. Bg5 Bd7 19. Nc3 Qb7 20. b3 Nc6 21. Nxc6
Bxc6 22. Bf4 Rad8 23. Rad1 d4 24. Ne4 d3 25. cxd3 cxd3 26. Qe3 Bxe4 27. Qxe4
Qxe4 28. Rxe4 Rd5 29. Re3 Bxe5 30. Bxe5 Rexe5 31. Rxe5 Rxe5 1/2-1/2

[Event "13. Olimpiada por Equipos de Ajedrecist"]
[Site "Heraklio GRE"]
[Date "2008.10.25"]
[Round "6.9"]
[White "Coset, Alexandr"]
[Black "Vojan, Istvan"]
[Result "1/2-1/2"]
[WhiteElo "2295"]
[BlackElo "2036"]
[PlyCount "24"]
[EventDate "2008.10.18"]
[EventType "team-"]
[EventRounds "9"]
[EventCountry "GRE"]
[Source "lmi"]
[SourceDate "2008.10.19"]

1. e4 d5 2. exd5 Qxd5 3. Nc3 Qa5 4. d4 Nf6 5. Bc4 Bg4 6. f3 Bf5 7. Nge2 Nc6 8.
Bd2 Qb4 9. b3 Qd6 10. Nb5 Qd7 11. Bf4 Rc8 12. O-O a6 1/2-1/2

[Event "13. Olimpiada por Equipos de Ajedrecist"]
[Site "Heraklio GRE"]
[Date "2008.10.25"]
[Round "6.10"]
[White "Hatziapostolidis, Eystratios"]
[Black "Kuvsinov, Anatolij"]
[Result "0-1"]
[WhiteElo "1400"]
[BlackElo "1400"]
[PlyCount "100"]
[EventDate "2008.10.18"]
[EventType "team-"]
[EventRounds "9"]
[EventCountry "GRE"]
[Source "lmi"]
[SourceDate "2008.10.19"]

1. c4 d6 2. Nc3 g6 3. g3 Bg7 4. Bg2 e5 5. Nf3 Nc6 6. d3 Nge7 7. O-O O-O 8. a3
Nd4 9. e3 Nxf3+ 10. Qxf3 c6 11. Rb1 Be6 12. Bd2 Qd7 13. Qe2 d5 14. cxd5 cxd5
15. b4 Rac8 16. Rbc1 Rfd8 17. Nb1 Nf5 18. Rxc8 Rxc8 19. Rc1 d4 20. e4 Nd6 21.
Qd1 b5 22. Rxc8+ Nxc8 23. Qc2 Nb6 24. Bc1 Na4 25. Bd2 Qc8 26. Qxc8+ Bxc8 27.
Bf3 Be6 28. Bd1 Ba2 29. Bc2 f6 30. Bc1 Nb6 31. Bd2 Bh6 32. Kf1 Kg7 33. Ke1 f5
34. Kd1 Kf6 35. exf5 Bxd2 36. Kxd2 gxf5 37. Ke2 Bd5 38. f3 Nc8 39. Bd1 Ne7 40.
Kf2 Ng6 41. Kg2 e4 42. fxe4 fxe4 43. dxe4 Bxe4+ 44. Bf3 Ke5 45. Kf2 Bxf3 46.
Kxf3 Kd5 47. Ke2 Ne5 48. h3 Ke4 49. g4 Nf3 50. g5 Ng1+ 0-1

[Event "13. Olimpiada por Equipos de Ajedrecist"]
[Site "Heraklio GRE"]
[Date "2008.10.25"]
[Round "6.10"]
[White "Papadopoulos, Christos"]
[Black "Novikovas, Anatolijus"]
[Result "0-1"]
[WhiteElo "1400"]
[BlackElo "1901"]
[PlyCount "58"]
[EventDate "2008.10.18"]
[EventType "team-"]
[EventRounds "9"]
[EventCountry "GRE"]
[Source "lmi"]
[SourceDate "2008.10.19"]

1. e4 c5 2. Nf3 e6 3. d3 Nc6 4. g3 g6 5. Bg2 Bg7 6. O-O Nge7 7. c3 d5 8. Qc2
O-O 9. Nbd2 Bd7 10. Rd1 d4 11. c4 e5 12. Nf1 Qc8 13. a3 f5 14. N3d2 f4 15. Rb1
a5 16. b3 Bh3 17. Bh1 Qe6 18. Re1 Qf6 19. Nf3 g5 20. Qd2 Ng6 21. b4 axb4 22.
axb4 Nxb4 23. Rxb4 cxb4 24. Qxb4 g4 25. gxf4 gxf3 26. fxe5 Nxe5 27. Qb3 Bxf1
28. Kxf1 Ng4 29. c5+ Kh8 0-1

[Event "13. Olimpiada por Equipos de Ajedrecist"]
[Site "Heraklio GRE"]
[Date "2008.10.25"]
[Round "6.10"]
[White "Rutkauskas, Gediminas"]
[Black "Boudalakis, Filippos"]
[Result "1-0"]
[WhiteElo "2002"]
[BlackElo "1400"]
[PlyCount "39"]
[EventDate "2008.10.18"]
[EventType "team-"]
[EventRounds "9"]
[EventCountry "GRE"]
[Source "lmi"]
[SourceDate "2008.10.19"]

1. e4 c5 2. Nf3 Nc6 3. d4 cxd4 4. Nxd4 g6 5. Nc3 Bg7 6. Be3 Nf6 7. f3 O-O 8.
Qd2 d5 9. O-O-O dxe4 10. Qf2 Nxd4 11. Bxd4 Qa5 12. h4 h5 13. fxe4 Be6 14. a3
Rfd8 15. Be2 Bg4 16. e5 Bxe2 17. Qxe2 Ng4 18. Rhf1 Rd7 19. e6 Rxd4 20. exf7+
1-0

[Event "13. Olimpiada por Equipos de Ajedrecist"]
[Site "Heraklio GRE"]
[Date "2008.10.25"]
[Round "6.12"]
[White "Molnar, Lubos"]
[Black "Couwenberg, Pieter"]
[Result "1-0"]
[WhiteElo "1400"]
[BlackElo "1400"]
[PlyCount "27"]
[EventDate "2008.10.18"]
[EventType "team-"]
[EventRounds "9"]
[EventCountry "GRE"]
[Source "lmi"]
[SourceDate "2008.10.19"]

1. e4 c5 2. Nf3 d6 3. d4 cxd4 4. Nxd4 Nf6 5. Nc3 a6 6. Be3 e5 7. Nb3 Be6 8. f3
Nbd7 9. Qd2 b5 10. g4 Nb6 11. g5 Nfd7 12. O-O-O Rc8 13. Nd5 Nxd5 14. exd5 1-0

[Event "13. Olimpiada por Equipos de Ajedrecist"]
[Site "Heraklio GRE"]
[Date "2008.10.25"]
[Round "6.13"]
[White "Grybas, Gintaras"]
[Black "Klimis, Laertis"]
[Result "1-0"]
[WhiteElo "2063"]
[BlackElo "2033"]
[PlyCount "95"]
[EventDate "2008.10.18"]
[EventType "team-"]
[EventRounds "9"]
[EventCountry "GRE"]
[Source "lmi"]
[SourceDate "2008.10.19"]

1. d4 e6 2. c4 Nf6 3. Nf3 c5 4. Nc3 d5 5. cxd5 exd5 6. Bg5 Nc6 7. Bxf6 gxf6 8.
e3 cxd4 9. Nxd4 Qb6 10. Bb5 Bb4 11. Rc1 O-O 12. Bxc6 bxc6 13. O-O Bd7 14. Qf3
Qd8 15. a3 Bd6 16. Nf5 Bxf5 17. Qxf5 Qe7 18. g3 Kh8 19. Ne2 Rfe8 20. Rfd1 Qe5
21. Qc2 a5 22. Nd4 Ra6 23. Qa4 Qe4 24. Qb3 Rb8 25. Qc2 Qxc2 26. Rxc2 Rab6 27.
Nxc6 Rxb2 28. Rxb2 Rxb2 29. Rxd5 Bxa3 30. Rxa5 Bf8 31. Nd4 Kg7 32. Kg2 Kg6 33.
g4 Rb7 34. h4 h6 35. h5+ Kh7 36. Kf3 Rb2 37. Ra6 Be7 38. Nf5 Bd8 39. Rd6 Rb8
40. Rd7 Rc8 41. Rxf7+ Kh8 42. Rf8+ Kh7 43. Rf7+ Kh8 44. Nxh6 Bc7 45. Rxf6 Kg7
46. Rg6+ Kh7 47. Nf5 Be5 48. Rh6+ 1-0

[Event "13. Olimpiada por Equipos de Ajedrecist"]
[Site "Heraklio GRE"]
[Date "2008.10.25"]
[Round "6.13"]
[White "Van Gysel, Marc"]
[Black "Volden, Steinar"]
[Result "1-0"]
[WhiteElo "1400"]
[BlackElo "1400"]
[PlyCount "51"]
[EventDate "2008.10.18"]
[EventType "team-"]
[EventRounds "9"]
[EventCountry "GRE"]
[Source "lmi"]
[SourceDate "2008.10.19"]

1. d4 d5 2. Nf3 e6 3. e3 Nf6 4. Bd3 c5 5. c3 Nbd7 6. Nbd2 b6 7. O-O c4 8. Bc2
Bb7 9. Re1 Be7 10. e4 dxe4 11. Nxe4 Nxe4 12. Bxe4 Bxe4 13. Rxe4 Nf6 14. Re1 O-O
15. Ne5 Rc8 16. Qf3 Qd5 17. Qg3 g6 18. Bh6 Rfe8 19. Qf4 Qd8 20. g4 Bf8 21. g5
Bxh6 22. gxh6 Rf8 23. Qf3 Nd5 24. Qg3 Rc7 25. h4 Qf6 26. Ng4 1-0

[Event "13. Olimpiada por Equipos de Ajedrecist"]
[Site "Heraklio GRE"]
[Date "2008.10.25"]
[Round "6.14"]
[White "Burge, Adrian"]
[Black "Holmela, Kari"]
[Result "1/2-1/2"]
[WhiteElo "1400"]
[BlackElo "1933"]
[PlyCount "88"]
[EventDate "2008.10.18"]
[EventType "team-"]
[EventRounds "9"]
[EventCountry "GRE"]
[Source "lmi"]
[SourceDate "2008.10.19"]

1. e4 c5 2. Nf3 d6 3. d4 cxd4 4. c3 d3 5. Bxd3 e6 6. Bf4 Nc6 7. O-O e5 8. Be3
Nf6 9. h3 Be7 10. Qe2 O-O 11. Rd1 Qc7 12. Na3 a6 13. Rac1 b5 14. c4 b4 15. Nc2
Bb7 16. Bg5 Rac8 17. Nh2 a5 18. b3 Qd8 19. Ng4 Nxg4 20. Bxe7 Qxe7 21. Qxg4 Rc7
22. Ne3 Nd4 23. Nf5 Nxf5 24. Qxf5 Bc8 25. Qh5 g6 26. Qh6 f5 27. exf5 Bxf5 28.
Bxf5 Rxf5 29. Rd5 Rc5 30. Rcd1 Rxd5 31. Rxd5 Qc7 32. Qd2 Rf6 33. c5 dxc5 34.
Rd8+ Rf8 35. Qd5+ Qf7 36. Rxf8+ Kxf8 37. Qxe5 Qf5 38. Qb8+ Kg7 39. Qc7+ Kh6 40.
Qxa5 Qb1+ 41. Kh2 Qf5 42. Qc7 Qxf2 43. Qa7 Qf4+ 44. Kg1 Qe3+ 1/2-1/2

[Event "13. Olimpiada por Equipos de Ajedrecist"]
[Site "Heraklio GRE"]
[Date "2008.10.25"]
[Round "6.14"]
[White "Ruohonen, Teemu"]
[Black "Bolliger, Willi"]
[Result "1-0"]
[WhiteElo "1400"]
[BlackElo "1400"]
[PlyCount "77"]
[EventDate "2008.10.18"]
[EventType "team-"]
[EventRounds "9"]
[EventCountry "GRE"]
[Source "lmi"]
[SourceDate "2008.10.19"]

1. e4 c5 2. Nf3 d6 3. d4 cxd4 4. Nxd4 Nf6 5. Nc3 a6 6. Bc4 e6 7. O-O Be7 8. h3
O-O 9. Be3 Qc7 10. Bb3 Nc6 11. f4 Bd7 12. Qe2 Rac8 13. Rad1 Nxd4 14. Bxd4 Bc6
15. e5 Ne8 16. Qg4 d5 17. Ne2 Bb5 18. c3 Qd7 19. Bc2 Bxe2 20. Qxe2 f5 21. g4
Nc7 22. a4 b5 23. axb5 axb5 24. b4 Ra8 25. Bd3 Ra4 26. gxf5 exf5 27. Kh1 Qe6
28. Bxb5 Nxb5 29. Qxb5 Rfa8 30. Qb6 Qxb6 31. Bxb6 R8a6 32. Bd4 Ra2 33. Rf2 Ra1
34. Rxa1 Rxa1+ 35. Kg2 Rd1 36. Rb2 Bd8 37. b5 Bc7 38. b6 Bb8 39. b7 1-0

[Event "13. Olimpiada por Equipos de Ajedrecist"]
[Site "Heraklio GRE"]
[Date "2008.10.25"]
[Round "6.14"]
[White "Wikman, Bengt"]
[Black "Studer, Werner"]
[Result "1-0"]
[WhiteElo "1943"]
[BlackElo "1400"]
[PlyCount "61"]
[EventDate "2008.10.18"]
[EventType "team-"]
[EventRounds "9"]
[EventCountry "GRE"]
[Source "lmi"]
[SourceDate "2008.10.19"]

1. e4 e5 2. Nf3 Nc6 3. Bb5 d6 4. d4 exd4 5. Nxd4 Bd7 6. Nxc6 Bxc6 7. Bxc6+ bxc6
8. O-O Be7 9. Qg4 g6 10. Qf3 c5 11. Nc3 Nf6 12. Bh6 Bf8 13. Bxf8 Kxf8 14. Rad1
Nd7 15. Qh3 Kg7 16. f4 Re8 17. e5 Nb6 18. Ne4 Qe7 19. Nc3 Rh8 20. Qg3 Nd7 21.
Nd5 Qd8 22. exd6 cxd6 23. f5 Nf6 24. Nxf6 Qxf6 25. Rxd6 Qxb2 26. f6+ Kf8 27.
Qd3 Qe5 28. Rd8+ Rxd8 29. Qxd8+ Qe8 30. Qd6+ Kg8 31. Rb1 1-0

[Event "13. Olimpiada por Equipos de Ajedrecist"]
[Site "Heraklio GRE"]
[Date "2008.10.25"]
[Round "6.15"]
[White "Hengles, Roberto Carlos"]
[Black "Caliskan, Halil"]
[Result "1-0"]
[WhiteElo "1976"]
[BlackElo "1400"]
[PlyCount "59"]
[EventDate "2008.10.18"]
[EventType "team-"]
[EventRounds "9"]
[EventCountry "GRE"]
[Source "lmi"]
[SourceDate "2008.10.19"]

1. e4 e5 2. Nf3 Nc6 3. d4 exd4 4. Bc4 d6 5. Nxd4 Nxd4 6. Qxd4 Qe7 7. Nc3 c6 8.
O-O Be6 9. Bf4 Bxc4 10. Qxc4 Nf6 11. Rfe1 Qd7 12. e5 dxe5 13. Rxe5+ Be7 14.
Rae1 O-O 15. Rxe7 Rae8 16. Rxe8 Rxe8 17. Rxe8+ Qxe8 18. Qe2 Qe7 19. Qd3 Qe6 20.
Be3 a6 21. h3 h6 22. a3 g5 23. Qd8+ Kh7 24. Bd4 Nh5 25. Qh8+ Kg6 26. Qg8+ Kf5
27. g4+ Kf4 28. gxh5 Qxh3 29. Qxf7+ Kg4 30. Qe6+ 1-0

[Event "13. Olimpiada por Equipos de Ajedrecist"]
[Site "Heraklio GRE"]
[Date "2008.10.26"]
[Round "7.1"]
[White "Grigorchuk, Sergey"]
[Black "Meshkov, Yuri A"]
[Result "1/2-1/2"]
[WhiteElo "2244"]
[BlackElo "2400"]
[PlyCount "20"]
[EventDate "2008.10.18"]
[EventType "team-"]
[EventRounds "9"]
[EventCountry "GRE"]
[Source "lmi"]
[SourceDate "2008.10.19"]

1. d4 d5 2. c4 c6 3. cxd5 cxd5 4. Nc3 Nf6 5. Bf4 Nc6 6. e3 a6 7. Bd3 e6 8. Nf3
Bd6 9. O-O Bxf4 10. exf4 O-O 1/2-1/2

[Event "13. Olimpiada por Equipos de Ajedrecist"]
[Site "Heraklio GRE"]
[Date "2008.10.26"]
[Round "7.1"]
[White "Zsiltzova-Lisenko, Lubov"]
[Black "Krylov, Sergey"]
[Result "1/2-1/2"]
[WhiteElo "2265"]
[BlackElo "2388"]
[PlyCount "24"]
[EventDate "2008.10.18"]
[EventType "team-"]
[EventRounds "9"]
[EventCountry "GRE"]
[Source "lmi"]
[SourceDate "2008.10.19"]

1. e4 c5 2. Nf3 Nc6 3. d4 cxd4 4. Nxd4 Nf6 5. Nc3 e5 6. Ndb5 d6 7. Bg5 a6 8.
Na3 b5 9. Nd5 Be7 10. Bxf6 Bxf6 11. c3 O-O 12. Nc2 Bg5 1/2-1/2

[Event "13. Olimpiada por Equipos de Ajedrecist"]
[Site "Heraklio GRE"]
[Date "2008.10.26"]
[Round "7.2"]
[White "Bischoff, Dieter"]
[Black "Gunajew, Rafal"]
[Result "1/2-1/2"]
[WhiteElo "2144"]
[BlackElo "2233"]
[PlyCount "21"]
[EventDate "2008.10.18"]
[EventType "team-"]
[EventRounds "9"]
[EventCountry "GRE"]
[Source "lmi"]
[SourceDate "2008.10.19"]

1. d4 c5 2. d5 e5 3. e4 d6 4. c4 g6 5. Nf3 Bg7 6. Qa4+ Nd7 7. h4 h6 8. h5 g5 9.
Nc3 Ne7 10. g4 O-O 11. Nh2 1/2-1/2

[Event "13. Olimpiada por Equipos de Ajedrecist"]
[Site "Heraklio GRE"]
[Date "2008.10.26"]
[Round "7.2"]
[White "Dukaczewski, Piotr"]
[Black "Mueller, Oliver"]
[Result "0-1"]
[WhiteElo "2338"]
[BlackElo "2292"]
[PlyCount "94"]
[EventDate "2008.10.18"]
[EventType "team-"]
[EventRounds "9"]
[EventCountry "GRE"]
[Source "lmi"]
[SourceDate "2008.10.19"]

1. e4 c5 2. Nf3 d6 3. c3 Nf6 4. Bd3 Nc6 5. Bc2 g6 6. h3 Bg7 7. O-O O-O 8. Re1
e5 9. d4 Qc7 10. dxc5 dxc5 11. Be3 b6 12. Nbd2 Ba6 13. Qc1 Nd8 14. Nf1 Ne6 15.
g3 Bb7 16. Ng5 Nd8 17. Qb1 h6 18. Nf3 Ne6 19. Kh2 c4 20. N3d2 h5 21. Qd1 Rfd8
22. Qe2 Ba6 23. f3 Nc5 24. Bg5 Nd3 25. Bxd3 Rxd3 26. Ne3 Nh7 27. f4 f6 28. Nd5
Qd7 29. Bh4 exf4 30. g4 hxg4 31. hxg4 f3 32. Qf2 Bb7 33. Re3 Bh6 34. Rxd3 cxd3
35. Nxf3 Bxd5 36. exd5 Qxd5 37. Rd1 Re8 38. Qf1 Bf4+ 39. Bg3 Bxg3+ 40. Kxg3 Re3
41. Qf2 Qe5+ 42. Kg2 Qe4 43. Qg3 Ng5 44. Qb8+ Kg7 45. Qc7+ Nf7 46. Qg3 Ne5 47.
Rf1 d2 0-1

[Event "13. Olimpiada por Equipos de Ajedrecist"]
[Site "Heraklio GRE"]
[Date "2008.10.26"]
[Round "7.2"]
[White "Suder, Ryszard"]
[Black "Schellmann, Frank"]
[Result "1/2-1/2"]
[WhiteElo "2174"]
[BlackElo "2144"]
[PlyCount "135"]
[EventDate "2008.10.18"]
[EventType "team-"]
[EventRounds "9"]
[EventCountry "GRE"]
[Source "lmi"]
[SourceDate "2008.10.19"]

1. e4 e5 2. Nf3 Nf6 3. Nc3 d6 4. g3 Be7 5. Bg2 O-O 6. O-O Nc6 7. h3 h6 8. d4
exd4 9. Nxd4 Nxd4 10. Qxd4 c6 11. Be3 Qa5 12. Qd2 Qc7 13. a4 Be6 14. Rad1 Rfd8
15. Qe2 Bf8 16. Rfe1 d5 17. exd5 Nxd5 18. Nxd5 Bxd5 19. Bxd5 Rxd5 20. Rxd5 cxd5
21. h4 Qa5 22. b3 Rc8 23. Rd1 Rc6 24. Qd3 Qc7 25. Qxd5 Rd6 26. Qf3 Rf6 27. Qe4
Re6 28. Bf4 Qb6 29. Qd4 Re1+ 30. Kh2 Rxd1 31. Qxd1 Qxf2+ 32. Kh3 Qc5 33. Qd2 a6
34. Kh2 b5 35. axb5 axb5 36. Be3 Qf5 37. Bf4 b4 38. Qd3 Qc5 39. Be3 Qc6 40. Bf4
Qc5 41. Kg2 Qc6+ 42. Kh2 Qc5 43. Be3 Qc6 44. Qc4 Qf3 45. Bc5 Qc6 46. Bd4 Qf3
47. Qd3 Qg4 48. Be5 Qe6 49. Bf4 Qc6 50. Qc4 Qf3 51. Qd3 Qf2+ 52. Kh3 Qc5 53.
Kg2 Qc6+ 54. Kf2 Bc5+ 55. Ke2 Qg2+ 56. Kd1 Qg1+ 57. Kd2 Bd4 58. Qe4 Bc3+ 59.
Kd3 Qd1+ 60. Kc4 Qd7 61. Qd5 Qc8+ 62. Kb5 Qe8+ 63. Kc4 Qe2+ 64. Qd3 Qe6+ 65.
Qd5 Qe2+ 66. Qd3 Qe6+ 67. Qd5 Qe2+ 68. Qd3 1/2-1/2